000 00589nam a22002297a 4500
003 UA-OsUOA
001 32051
007 ta
008 20050120b un ||||| |||| 00| 0 ukr d
090 _a141.82+321.75
_bЛ45
942 _cBK
040 _aUA-OsUOA
_brus
_cUA-OsUOA
_dUA-OsUOA
245 _aВ. И. Ленин, КПСС о роботе Советов
_cРед. К. У.Черненко
300 _a744 с.
955 _a0
041 _arus
080 _a141.82+321.75
260 _aМосква
_bПолитиздат
_c1979
044 _aRU
650 7 _2UDC
999 _c318488
_d318488